000 00432nam a2200181Ia 4500
001 16162
005 20260306170249.0
008 260306t1999||||xx |||||||||||||| ||und||
041 _aESP
082 _a347
_bM19
100 _aMalpartida Castillo, Víctor
_eAUT
245 0 _aDerecho, economía y empresa
260 _c1999
300 _a232 páginas :
_c21 cm.
650 _aGEN
654 _aCAN
942 _cLIB
_dJUS
_fJUS
_2ddc
_n
999 _c16162
_d16162